Squid Game Characters by there Numbers - Statistics

General Stats
  • This quiz has been taken 96 times
  • The average score is 7 of 8
Answer Stats
Hint Answer % Correct
Oh Il-nam 001
100%
Gi-hun 456
100%
Sae-byeok 067
93%
Jun-hee 222
93%
Myung-gi 333
90%
Deok-so 101
88%
Sang-woo 218
88%
Ali Abdul 199
83%
No matching quizzes found
Score Distribution
Percent of People with Each Score
Percentile by Number Answered
Your Score History
You have not taken this quiz